000
00308 a2200145 4500
001
70610
020
_a
9788575144220
040
_c
Anchieta - Itaigara
240
1
0
_a
Caça selvagem
_l
por
245
1
0
_a
Caça selvagem
300
_a
10
362
0
_a
2008
650
4
_a
Literatura infanto-juvenil
942
_c
BK
999
_c
70610
_d
70610